000 00845nam a2200253Ia 4500
003 OSt
005 20220923214156.0
006 a|||||r|||| 00| 0
007 ta
008 220922b |||||||| |||| 00| 0 hin d
024 _a167,647
037 _cTextual
040 _aARTS
_cARTS
_bhin
041 _2hin
_ahin
082 _aO152,1K73x, K7.1
100 _aदेव, संपा.
245 0 _aगं्रथावली
_b लक्ष्ण-ग्रंथ लक्ष्मीघर मालवीय द्वारा
246 _aGanrathāvalī: lakṣhṇa-grantha lakṣhmīghar mālavīya dvārā
260 _c1967
300 _a[kaM 1
_ccm.
650 _aहिन्दी साहित्य
_9156264
942 _hO152,1K73x, K7.1
_cTEXL
_2CC
999 _c322117
_d322117